Shards of Adonalsium - Statistics

General Stats
  • This quiz has been taken 18 times
  • The average score is 10 of 15
Answer Stats
Shards % Correct
Cultivation
100%
Honor
100%
Odium
100%
Preservation
87%
Ruin
87%
Autonomy
67%
Devotion
60%
Dominion
60%
Invention
53%
Mercy
53%
Valor
53%
Whimsy
53%
Endowment
47%
Ambition
40%
Virtuosity
40%
No matching quizzes found
Score Distribution
Percent of People with Each Score
Percentile by Number Answered
Your Score History
You have not taken this quiz